Aktuálne otázky štátneho účtovníctva a výkazníctva v reforme riadenia verejných financií

Harmonizácia účtovníctva v krajinách Európskej únie. Všeobecné trendy. Projekt zavedenia jednotného štátneho účtovníctva a výkazníctva v Slovenskej republike. 3 IPSAS ako súčasť reformy riadenia verejných financií.

Gespeichert in:
Bibliographische Detailangaben
1. Verfasser: Šabíková, Ingrid
Format: Buchkapitel
Sprache:Slowakisch
Schlagworte:
Tags: Tag hinzufügen
Keine Tags, Fügen Sie das erste Tag hinzu!

MARC

LEADER 00000naa$a2200000$$$4500
001 0082313
005 20240502071926.3
041 0 |a slo 
044 |a SK 
245 1 0 |a Aktuálne otázky štátneho účtovníctva a výkazníctva v reforme riadenia verejných financií  |c Ingrid Šabíková 
520 |a Harmonizácia účtovníctva v krajinách Európskej únie. Všeobecné trendy. Projekt zavedenia jednotného štátneho účtovníctva a výkazníctva v Slovenskej republike. 3 IPSAS ako súčasť reformy riadenia verejných financií. 
610 2 0 |a účtovníctvo 
610 2 0 |a výkazníctvo finančné 
610 2 0 |a sektor verejný 
610 2 0 |a financie verejné 
610 2 0 |a harmonizácia 
610 2 0 |a štandardy účtovné medzinárodné 
610 2 0 |a Slovensko 
610 2 0 |a Európska únia 
100 1 |a Šabíková, Ingrid